000 00683nam a2200205Ia 4500
003 BUBTL
008 151213s9999 xx 000 0 und d
082 _a346.004/ Si649e/ 2007
100 _aসিংহ, রামকান্ত
_94776
245 _aইকুইটি ও ট্রাস্ট আইন :
_cরামকান্ত সিংহ
250 _a8Th
260 _aDhaka
_bগশাম্ছ পাবলিকেশন্স।
_cc2007
300 _a391p. :
_b22 cm .
650 _aLaw
650 _a
700 _aরামকান্ত সিংহ
_94777
856 _k0
_l0
_yDownload
942 _2ddc
_cBK
999 _c3165
_d3165